[Event "6.Griesheimer Schachtage 2010"]
[Site "Griesheim"]
[Date "2010.05.09"]
[Round "4.16"]
[White "Neuner, Johannes"]
[Black "Berger, Achim"]
[Result "1-0"]
[WhiteElo "1960"]
[BlackElo "1670"]
[PlyCount "83"]
[EventDate "2010.05.09"]

1. d4 Nf6 2. c4 g6 3. g3 Bg7 4. Bg2 O-O 5. Nc3 d6 6. Nf3 Nbd7 7. O-O e5 8. e4
exd4 9. Nxd4 c6 10. h3 a5 11. Be3 Nc5 12. Nb3 Nxb3 13. axb3 Be6 14. Qd2 Qe7 15.
Rfd1 Rfd8 16. Bb6 Rd7 17. Rxa5 Rxa5 18. Bxa5 Qe8 19. Bb4 c5 20. Ba5 Qa8 21. Nb5
Ne8 22. Bc3 Bxc3 23. Qxc3 Qd8 24. h4 Nc7 25. Nxc7 Qxc7 26. Kh2 b6 27. Ra1 Rd8
28. Qf6 Bd7 29. Ra6 Bc6 30. Ra7 Qxa7 31. Qxd8+ Kg7 32. Qxd6 Qb7 33. h5 Kg8 34.
h6 f5 35. Qd8+ Kf7 36. Qh8 Ke6 37. exf5+ gxf5 38. Bxc6 Qxc6 39. Qxh7 Qf3 40.
Qg6+ Ke5 41. Qe8+ Kd6 42. Qd8+ 1-0

[Event "6.Griesheimer Schachtage 2010"]
[Site "Griesheim"]
[Date "2010.05.09"]
[Round "4.17"]
[White "Neitzert, Volker"]
[Black "Bejan, Viorel"]
[Result "1-0"]
[WhiteElo "1789"]
[BlackElo "1579"]
[PlyCount "75"]
[EventDate "2010.05.09"]

1. e4 e6 2. d4 c5 3. Nf3 d5 4. exd5 exd5 5. Bb5+ Nc6 6. O-O a6 7. Bxc6+ bxc6 8.
Re1+ Be7 9. Bg5 Be6 10. Bxe7 Qxe7 11. c3 Nf6 12. Qa4 Qd6 13. Ne5 O-O 14. dxc5
Qxc5 15. Qxc6 Qxc6 16. Nxc6 Rfe8 17. Nd2 Bd7 18. Nd4 Ne4 19. N2b3 a5 20. f3 Nd6
21. Rxe8+ Nxe8 22. Nc5 Ra7 23. Re1 Kf8 24. Kf2 Nf6 25. Ke3 h5 26. Kd3 a4 27.
Nxd7+ Nxd7 28. Nc6 Rc7 29. Nb4 Nf6 30. Re5 Rc5 31. b3 axb3 32. axb3 Rb5 33. Kc2
g6 34. Nd3 Nd7 35. Re1 Nc5 36. Nxc5 Rxc5 37. b4 Rc4 38. Rd1 1-0

[Event "6.Griesheimer Schachtage 2010"]
[Site "Griesheim"]
[Date "2010.05.09"]
[Round "4.18"]
[White "Nagel, Erwin"]
[Black "Jacob, Achim"]
[Result "1-0"]
[WhiteElo "1749"]
[BlackElo "1636"]
[PlyCount "94"]
[EventDate "2010.05.09"]

1. d4 c6 2. Nf3 d5 3. e3 Bf5 4. c4 e6 5. a3 Bd6 6. Nc3 Nf6 7. Nh4 Bg6 8. Nxg6
hxg6 9. cxd5 exd5 10. g3 Qe7 11. Bg2 Nbd7 12. O-O O-O-O 13. e4 dxe4 14. Re1 Qf8
15. Nxe4 Nxe4 16. Rxe4 f5 17. Re6 Nf6 18. Bg5 Qf7 19. Re2 Rd7 20. Qa4 Kb8 21.
Rc1 Nd5 22. Bxd5 Qxd5 23. Rce1 a6 24. Re6 f4 25. Rxd6 Rxd6 26. Bxf4 Ka8 27.
Bxd6 Qxd6 28. Qc4 Qd7 29. Re6 g5 30. Qe2 Qxd4 31. Re8+ Rxe8 32. Qxe8+ Ka7 33.
Qe3 Qxe3 34. fxe3 Kb6 35. Kf2 Kc5 36. Kf3 Kd5 37. Kg4 Ke4 38. Kxg5 b5 39. Kg6
a5 40. Kxg7 b4 41. axb4 axb4 42. h4 c5 43. h5 c4 44. h6 c3 45. h7 c2 46. h8=Q
c1=Q 47. Qh4+ Kxe3 1-0

[Event "6.Griesheimer Schachtage 2010"]
[Site "Griesheim"]
[Date "2010.05.09"]
[Round "4.19"]
[White "Breitbach, Stephan"]
[Black "Simak, Jaroslav"]
[Result "1-0"]
[WhiteElo "1425"]
[BlackElo "1753"]
[PlyCount "57"]
[EventDate "2010.05.09"]

1. c4 e5 2. Nc3 Nc6 3. a3 g6 4. g3 Bg7 5. Bg2 Nge7 6. e3 O-O 7. Nge2 d6 8. O-O
Be6 9. b3 Qd7 10. d4 exd4 11. exd4 d5 12. c5 Rae8 13. Bf4 a6 14. b4 Bg4 15. Qd2
Bxe2 16. Nxe2 Nf5 17. Bh3 Rxe2 18. Qxe2 Nfxd4 19. Qg4 f5 20. Qd1 Ne6 21. Bd2
Bxa1 22. Qxa1 Ned4 23. Bh6 Re8 24. Rd1 Nf3+ 25. Kh1 Nce5 26. Bg2 g5 27. Bxf3
Nxf3 28. Rxd5 Re1+ 29. Qxe1 1-0

[Event "6.Griesheimer Schachtage 2010"]
[Site "Griesheim"]
[Date "2010.05.09"]
[Round "4.20"]
[White "Kotzian, Ewald"]
[Black "Haas, Vanessa"]
[Result "1-0"]
[WhiteElo "1645"]
[BlackElo "1848"]
[PlyCount "35"]
[EventDate "2010.05.09"]

1. e4 d5 2. exd5 Qxd5 3. Nc3 Qa5 4. d4 c6 5. Bd2 Qb6 6. Nf3 Qxb2 7. Rb1 Qa3 8.
Bc4 e6 9. Qe2 Qe7 10. O-O Nd7 11. Rfe1 Nb6 12. Bb3 Nf6 13. Bg5 h6 14. Bh4 g5
15. Bg3 Bd7 16. Ne4 Nxe4 17. Qxe4 O-O-O 18. Qe5 1-0

[Event "6.Griesheimer Schachtage 2010"]
[Site "Griesheim"]
[Date "2010.05.09"]
[Round "4.21"]
[White "Rothermel, Tim"]
[Black "Warnk, Torsten"]
[Result "1-0"]
[WhiteElo "1763"]
[BlackElo "1977"]
[PlyCount "83"]
[EventDate "2010.05.09"]

1. e4 e6 2. d4 d5 3. exd5 Qxd5 4. Nf3 Nf6 5. Bf4 Qd8 6. Nbd2 Bd6 7. Bg5 Be7 8.
Bd3 Nbd7 9. O-O Nd5 10. Be3 b6 11. c3 Bb7 12. Rc1 N7f6 13. Ne5 Nxe3 14. fxe3
Bd6 15. Bb5+ Kf8 16. Ng4 Nxg4 17. Qxg4 f5 18. e4 h5 19. Qh3 Qg5 20. Rcd1 Qg4
21. exf5 Qxh3 22. fxe6+ Ke7 23. gxh3 Raf8 24. Bc4 Rf6 25. Rxf6 gxf6 26. Kf2
Bxh2 27. Nf3 Rg8 28. Rh1 Bg3+ 29. Ke2 h4 30. Rg1 Bxf3+ 31. Kxf3 Rg5 32. Ke4 c5
33. Rd1 cxd4 34. Rxd4 Bd6 35. Rd5 Rg3 36. Rh5 Rxh3 37. Rh7+ Kf8 38. Rf7+ Kg8
39. e7 Bxe7 40. Rxe7+ Kh8 41. Kf5 Rf3+ 42. Kg6 1-0

[Event "6.Griesheimer Schachtage 2010"]
[Site "Griesheim"]
[Date "2010.05.09"]
[Round "4.22"]
[White "Heilmann, Jean-Michel"]
[Black "Freund, Karlheinz"]
[Result "1-0"]
[WhiteElo "1328"]
[BlackElo "1954"]
[PlyCount "76"]
[EventDate "2010.05.09"]

1. e4 c6 2. d4 d6 3. f4 Nd7 4. Nf3 Qc7 5. Be3 e5 6. dxe5 dxe5 7. f5 Ngf6 8. Bd3
Be7 9. O-O Ng4 10. Bf2 Nxf2 11. Kxf2 Qb6+ 12. Kg3 Qxb2 13. Nbd2 Qb6 14. Qe2 Qc7
15. h3 O-O 16. Kh2 g6 17. g4 gxf5 18. gxf5 Nf6 19. Qg2+ Kh8 20. Rg1 Rg8 21. Ng5
Bc5 22. Nc4 h6 23. h4 Rg7 24. Nxf7+ Qxf7 25. Qd2 Qh5 26. Rxg7 Qxh4+ 27. Kg2
Kxg7 28. Nxe5 Nh5 29. Rh1 Nf4+ 30. Kf3 Qxh1+ 31. Kxf4 Bd6 32. f6+ Kxf6 33. Qf2
Bxe5+ 34. Ke3+ Ke7 35. Bc4 Qh3+ 36. Kd2 Be6 37. Qc5+ Kf6 38. Qf2+ 38... Kg5 {
ZUE} 1-0

[Event "6.Griesheimer Schachtage 2010"]
[Site "Griesheim"]
[Date "2010.05.09"]
[Round "4.23"]
[White "Storkebaum, Karl-Heinrich"]
[Black "Grimm, Julius"]
[Result "0-1"]
[WhiteElo "1994"]
[BlackElo "1394"]
[PlyCount "80"]
[EventDate "2010.05.09"]

1. d4 c6 2. c4 d5 3. Nc3 Nf6 4. Nf3 e6 5. Bg5 Nbd7 6. cxd5 exd5 7. e3 h6 8. Bh4
Bb4 9. Bd3 O-O 10. O-O Bxc3 11. bxc3 Re8 12. Qc2 Qa5 13. Nd2 Qc7 14. Rfe1 b6
15. e4 dxe4 16. Nxe4 Nxe4 17. Bxe4 Bb7 18. Bg3 Qd8 19. Qd2 Nf6 20. Bf3 Qd7 21.
Be5 Nd5 22. c4 Ne7 23. Be4 c5 24. d5 Ba6 25. Qc3 f6 26. Bxf6 gxf6 27. Qxf6 Rf8
28. Qxh6 Rf7 29. d6 Nf5 30. Qg6+ Kf8 31. Bxa8 Bxc4 32. Be4 Nd4 33. Qh6+ Rg7 34.
Re3 Qg4 35. Rg3 Ne2+ 36. Kh1 Nxg3+ 37. hxg3 Qxe4 38. Qf6+ Kg8 39. Rd1 Bd5 40.
Qf3 Qxf3 0-1

[Event "6.Griesheimer Schachtage 2010"]
[Site "Griesheim"]
[Date "2010.05.09"]
[Round "4.24"]
[White "Bars, Alexander"]
[Black "Barisch, Florian"]
[Result "0-1"]
[WhiteElo "1242"]
[BlackElo "1932"]
[PlyCount "94"]
[EventDate "2010.05.09"]

1. e4 c5 2. Nc3 Nc6 3. Nf3 d6 4. Bb5 Bd7 5. d4 cxd4 6. Nxd4 Nf6 7. O-O g6 8.
Re1 Bg7 9. Nf3 O-O 10. Bf4 Re8 11. e5 Nh5 12. Qd2 Nxf4 13. Qxf4 Nxe5 14. Nxe5
dxe5 15. Qe3 Bxb5 16. Nxb5 Qa5 17. Nc3 Rad8 18. a3 a6 19. Rad1 Rd4 20. Rd3 Red8
21. Red1 Qc7 22. Ne2 Rxd3 23. Rxd3 Rxd3 24. Qxd3 Qd6 25. Qxd6 exd6 26. b3 e4
27. Nf4 Kf8 28. Nd5 Ke8 29. Kf1 Kd7 30. Ke2 Bd4 31. c3 Be5 32. h3 Kc6 33. c4
Bd4 34. f3 f5 35. g4 exf3+ 36. Kxf3 fxg4+ 37. hxg4 Kd7 38. Ke4 Be5 39. Nb6+ Ke6
40. Nd5 h5 41. Nc7+ Kf6 42. Ne8+ Kg5 43. gxh5 gxh5 44. Nc7 Kg4 45. Ne6 h4 46.
Ke3 Kg3 47. Ng5 Bf4+ 0-1

[Event "6.Griesheimer Schachtage 2010"]
[Site "Griesheim"]
[Date "2010.05.09"]
[Round "4.25"]
[White "Urbach, Jens"]
[Black "Auschkalnis, Reinhard"]
[Result "0-1"]
[WhiteElo "927"]
[BlackElo "1882"]
[PlyCount "48"]
[EventDate "2010.05.09"]

1. e4 g6 2. d4 Bg7 3. Nf3 d6 4. h3 Nf6 5. Nc3 O-O 6. Bd3 c6 7. O-O Nbd7 8. Bf4
Nh5 9. Bh2 e5 10. d5 Nc5 11. Be2 f5 12. Nd2 Nf6 13. Bf3 cxd5 14. exd5 b6 15. b4
Na6 16. a3 Nc7 17. Nc4 Nfe8 18. Qd2 Qf6 19. Be2 e4 20. Na2 f4 21. Bxf4 Qxf4 22.
Qxf4 Rxf4 23. g3 Rf8 24. Rae1 Bxh3 0-1

[Event "6.Griesheimer Schachtage 2010"]
[Site "Griesheim"]
[Date "2010.05.09"]
[Round "4.26"]
[White "Mager, Denis"]
[Black "Gloeckner, Hank"]
[Result "1-0"]
[WhiteElo "1538"]
[BlackElo "1373"]
[PlyCount "85"]
[EventDate "2010.05.09"]

1. Nf3 b5 2. d4 Bb7 3. Bf4 Nf6 4. Nbd2 e6 5. c3 c5 6. e3 c4 7. Qc2 Be7 8. Be2
d5 9. O-O Nbd7 10. a4 Qb6 11. axb5 Qxb5 12. b3 Nb6 13. Rfb1 Qc6 14. Ne5 Qc8 15.
bxc4 dxc4 16. Ndxc4 Nxc4 17. Bxc4 O-O 18. Bd3 Nd5 19. Bxh7+ Kh8 20. Be4 g5 21.
Bg3 Kg7 22. Rb3 f5 23. Bxd5 Bxd5 24. c4 Be4 25. Qe2 Rh8 26. f3 Bb7 27. Rab1 Ba6
28. Qb2 Bd6 29. c5 Bc7 30. Qc3 Qf8 31. d5 Qf6 32. d6 Bd8 33. Nd7 Qxc3 34. Rxc3
Kf7 35. Be5 Rh7 36. c6 Kg8 37. Rb8 Rxb8 38. Nxb8 Rh4 39. c7 Bxc7 40. dxc7 Rb4
41. Nxa6 Rb1+ 42. Kf2 Rb2+ 43. Ke1 1-0

[Event "6.Griesheimer Schachtage 2010"]
[Site "Griesheim"]
[Date "2010.05.09"]
[Round "4.27"]
[White "Laue, Thomas"]
[Black "Miller, Justin"]
[Result "0-1"]
[WhiteElo "1908"]
[BlackElo "1311"]
[PlyCount "84"]
[EventDate "2010.05.09"]

1. e4 c6 2. d4 d5 3. Nc3 dxe4 4. Nxe4 Nd7 5. Nf3 Ngf6 6. Ng3 Qc7 7. Bc4 e6 8.
Qe2 Bd6 9. Bd2 O-O 10. O-O b5 11. Bd3 Bb7 12. b4 Rfe8 13. Ne4 Nxe4 14. Qxe4 Nf6
15. Qh4 Be7 16. Qh3 g6 17. Ne5 Nd5 18. a3 Bf6 19. Rfe1 Bg7 20. c3 a5 21. f4 Ra7
22. g4 Rea8 23. c4 bxc4 24. Bxc4 axb4 25. Bxd5 Bxe5 26. fxe5 Rxa3 27. Rxa3 Rxa3
28. Bb3 c5 29. Rc1 c4 30. Bxb4 Rxb3 31. Bc3 Bd5 32. Qf1 Qb6 33. h4 Rxc3 34. Rd1
Rg3+ 35. Kh2 Rxg4 36. Rb1 Qd8 37. Qf6 Qa8 38. Rf1 Qa2+ 39. Rf2 Qxf2+ 40. Qxf2
Rg2+ 41. Qxg2 Bxg2 42. Kxg2 c3 0-1

[Event "6.Griesheimer Schachtage 2010"]
[Site "Griesheim"]
[Date "2010.05.09"]
[Round "4.28"]
[White "Perske, Thore"]
[Black "Khrapko, Marko"]
[Result "1-0"]
[WhiteElo "1659"]
[BlackElo "1335"]
[PlyCount "57"]
[EventDate "2010.05.09"]

1. e4 e5 2. Nf3 Nc6 3. Bc4 Bc5 4. d3 h6 5. c3 Nf6 6. Bb3 d6 7. Nbd2 Bg4 8. h3
Bh5 9. Nf1 Qd7 10. Ng3 Bg6 11. O-O O-O 12. Nh4 Ne7 13. Qf3 c6 14. Bxh6 Nxe4 15.
dxe4 gxh6 16. Qf6 Kh7 17. Qf3 a5 18. a3 Bb6 19. Rad1 Rad8 20. Qe2 Qe8 21. Rd2
f5 22. exf5 Nxf5 23. Nhxf5 Bxf5 24. Nxf5 Rxf5 25. Bc2 Qd7 26. g4 Rg8 27. Qf3
Kh8 28. Qxf5 Qe7 29. Rxd6 1-0

[Event "6.Griesheimer Schachtage 2010"]
[Site "Griesheim"]
[Date "2010.05.09"]
[Round "4.29"]
[White "Beck, Michael  GRS"]
[Black "Breining, Anton"]
[Result "1-0"]
[WhiteElo "1589"]
[BlackElo "1440"]
[PlyCount "67"]
[EventDate "2010.05.09"]

1. Nf3 Nf6 2. c4 e6 3. g3 Nc6 4. Bg2 Be7 5. O-O h6 6. Nc3 O-O 7. d4 d5 8. b3 a6
9. Bb2 Na7 10. Qc2 c6 11. e3 Bd7 12. c5 Nh7 13. Na4 Rb8 14. Ne5 Be8 15. Nc3 f5
16. Ne2 g5 17. f4 g4 18. h3 h5 19. hxg4 hxg4 20. Kf2 Rf6 21. Rh1 Bf8 22. Nxg4
Rg6 23. Ne5 Nf6 24. Bf3 Rh6 25. Rxh6 Bxh6 26. Rh1 Bg7 27. g4 Ne4+ 28. Bxe4 fxe4
29. Kg3 Bxe5 30. dxe5 Qe7 31. Nd4 Bf7 32. Qh2 Kf8 33. Qh8+ Bg8 34. Rh6 1-0

[Event "6.Griesheimer Schachtage 2010"]
[Site "Griesheim"]
[Date "2010.05.09"]
[Round "4.30"]
[White "Spitzl, Vinzent"]
[Black "Nothnagel, Manuel"]
[Result "1/2-1/2"]
[WhiteElo "1711"]
[BlackElo "1501"]
[PlyCount "49"]
[EventDate "2010.05.09"]

1. e4 c5 2. Nf3 e6 3. d4 cxd4 4. Nxd4 Nc6 5. Be3 Nf6 6. f3 d5 7. Nxc6 bxc6 8.
e5 Nd7 9. f4 c5 10. c3 Qa5 11. Be2 Rb8 12. Qc2 Ba6 13. O-O g6 14. Bxa6 Qxa6 15.
Nd2 Bh6 16. Rf3 Qe2 17. Bf2 O-O 18. Re1 Qb5 19. b3 a5 20. Qd1 f6 21. exf6 Rxf6
22. g3 Re8 23. Be3 Kf8 24. Ref1 Bg7 25. Qc2 1/2-1/2

[Event "6.Griesheimer Schachtage 2010"]
[Site "Griesheim"]
[Date "2010.05.09"]
[Round "4.31"]
[White "Lehmann, Gerit"]
[Black "Meisinger, Herbert"]
[Result "1/2-1/2"]
[WhiteElo "1486"]
[BlackElo "1185"]
[PlyCount "86"]
[EventDate "2010.05.09"]

1. d4 Nf6 2. Nf3 d5 3. Bf4 e6 4. a3 Nc6 5. e3 Be7 6. Be2 O-O 7. h3 Ne4 8. Nbd2
Nxd2 9. Qxd2 Bd6 10. Bxd6 Qxd6 11. O-O e5 12. dxe5 Nxe5 13. Nxe5 Qxe5 14. Qd4
Qxd4 15. exd4 Re8 16. Bf3 c6 17. Rfe1 Bd7 18. Kf1 Rxe1+ 19. Rxe1 Re8 20. Rxe8+
Bxe8 21. Bg4 b6 22. Ke2 g6 23. Ke3 f5 24. Be2 Kf7 25. Kf4 Kf6 26. h4 h6 27. Ke3
g5 28. hxg5+ hxg5 29. g3 Bd7 30. f3 Ke6 31. f4 g4 32. c4 c5 33. b4 cxd4+ 34.
Kxd4 dxc4 35. Bxc4+ Kd6 36. Bd5 Bc8 37. a4 Bd7 38. b5 Be6 39. Bb7 Bd7 40. Bc6
Be6 41. Bb7 Bd7 42. Bd5 Be6 43. Bb7 Bd7 1/2-1/2

[Event "6.Griesheimer Schachtage 2010"]
[Site "Griesheim"]
[Date "2010.05.09"]
[Round "5.2"]
[White "Gramlich, Sebastian"]
[Black "Zuyev, Igor"]
[Result "1/2-1/2"]
[WhiteElo "2269"]
[BlackElo "2329"]
[PlyCount "58"]
[EventDate "2010.05.09"]

1. d4 Nf6 2. c4 e6 3. Nf3 Bb4+ 4. Nbd2 b6 5. e3 Bb7 6. Bd3 c5 7. O-O O-O 8.
dxc5 Bxc5 9. b3 d5 10. Bb2 Nc6 11. a3 dxc4 12. Nxc4 b5 13. Nce5 a6 14. Nxc6
Bxc6 15. Rc1 Bxf3 16. gxf3 Be7 17. f4 Qd5 18. Be2 Qf5 19. Bf3 Rac8 20. Bg2 Rfd8
21. Rxc8 Rxc8 22. b4 h5 23. Qb1 Qxb1 24. Rxb1 Rc2 25. Bxf6 Bxf6 26. Bb7 Bh4 27.
Rf1 Ra2 28. Bxa6 Rxa3 29. Bxb5 Rb3 1/2-1/2

[Event "6.Griesheimer Schachtage 2010"]
[Site "Griesheim"]
[Date "2010.05.09"]
[Round "5.3"]
[White "Schlapp, Thomas"]
[Black "Hahn, Werner"]
[Result "1/2-1/2"]
[WhiteElo "2284"]
[BlackElo "2155"]
[PlyCount "115"]
[EventDate "2010.05.09"]

1. d4 Nf6 2. c4 g6 3. Nc3 Bg7 4. e4 d6 5. Nf3 O-O 6. Be2 e5 7. O-O Nc6 8. d5
Ne7 9. Ne1 Ne8 10. Nd3 f5 11. Bd2 Nf6 12. f3 f4 13. c5 g5 14. Rc1 Ng6 15. cxd6
cxd6 16. Nb5 Rf7 17. Qc2 Ne8 18. a4 Bf8 19. Nf2 Bd7 20. Qb3 h5 21. Rc3 Nh4 22.
Be1 Rg7 23. h3 Nf6 24. Nc7 Bxa4 25. Qxa4 Rxc7 26. Rxc7 Qxc7 27. Nd3 Ng6 28. Bf2
Qg7 29. Rc1 g4 30. fxg4 hxg4 31. Bxg4 Nxg4 32. hxg4 Nh8 33. Ne1 a6 34. Bb6 Qxg4
35. Nf3 Nf7 36. Rc7 Rc8 37. Qc2 Rxc7 38. Qxc7 Qg6 39. Qxb7 Bh6 40. Qc8+ Kh7 41.
Qe6 Ng5 42. Nxg5+ Bxg5 43. Qh3+ Kg7 44. Qd3 Bh4 45. Bc7 Bg3 46. Qf3 Kf7 47. Kf1
Ke7 48. Ke2 Qh7 49. Kd2 Qh1 50. Kc2 Qg1 51. Ba5 Qc5+ 52. Qc3 Bf2 53. Qxc5 Bxc5
54. Kd3 Kf6 55. Kc4 Ke7 56. Be1 Bb6 57. b3 Kd7 58. Bh4 1/2-1/2

[Event "6.Griesheimer Schachtage 2010"]
[Site "Griesheim"]
[Date "2010.05.09"]
[Round "5.4"]
[White "Leiter, Thomas"]
[Black "Barthel, Ansgar"]
[Result "1-0"]
[WhiteElo "2076"]
[BlackElo "2206"]
[PlyCount "117"]
[EventDate "2010.05.09"]

1. e4 Nf6 2. e5 Nd5 3. d4 d6 4. Nf3 Bg4 5. Be2 c6 6. O-O Bxf3 7. Bxf3 dxe5 8.
dxe5 e6 9. c4 Ne7 10. Qxd8+ Kxd8 11. b3 Nd7 12. Bb2 Ng6 13. Re1 Bb4 14. Re4 Ke8
15. Na3 Ndxe5 16. Bh5 Nd3 17. Nc2 Bc5 18. Bd4 Rd8 19. Rd1 Bxd4 20. Nxd4 Ndf4
21. Bf3 e5 22. Ree1 Ke7 23. Nf5+ Ke6 24. Nxg7+ Kf6 25. Nh5+ Nxh5 26. Bxh5 Nf4
27. Bf3 Nd3 28. Re3 Nb4 29. a3 Rxd1+ 30. Bxd1 Rd8 31. Bg4 Nc2 32. Rf3+ Ke7 33.
Rf5 Rd3 34. Rxe5+ Kd6 35. Rh5 Rxb3 36. h4 Nxa3 37. c5+ Ke7 38. Rxh7 Nc4 39. Bh5
Ne5 40. f4 Nd3 41. Rxf7+ Ke6 42. Bg6 Rb4 43. f5+ Ke5 44. Re7+ Kf6 45. Re6+ Kg7
46. h5 Nf4 47. Rd6 Nxg6 48. Rxg6+ Kh7 49. f6 Rf4 50. g3 Rf5 51. g4 Rf4 52. Kg2
a5 53. Kg3 Rf1 54. g5 Rg1+ 55. Kf2 Rg4 56. Kf3 Rg1 57. Rg7+ Kh8 58. Kf4 a4 59.
Rxb7 1-0

[Event "6.Griesheimer Schachtage 2010"]
[Site "Griesheim"]
[Date "2010.05.09"]
[Round "5.5"]
[White "Minor, Samuel"]
[Black "Bahlke, Wolfgang"]
[Result "1/2-1/2"]
[WhiteElo "2183"]
[BlackElo "2126"]
[PlyCount "139"]
[EventDate "2010.05.09"]

1. e4 c6 2. d4 d5 3. Nc3 dxe4 4. Nxe4 Bf5 5. Ng3 Bg6 6. Nf3 Nd7 7. h4 h5 8. Bc4
e6 9. Bg5 Be7 10. Qe2 Ngf6 11. O-O-O Nd5 12. Rhe1 Bxg5+ 13. Nxg5 Qf6 14. Kb1
O-O-O 15. N3e4 Qe7 16. Qf3 N5f6 17. Ng3 Nb6 18. Bb3 Nbd5 19. Ka1 Qc7 20. Nh3 c5
21. c4 Nb4 22. Qc3 a5 23. dxc5 Nd3 24. Re2 Nxc5 25. Red2 Nfe4 26. Nxe4 Nxe4 27.
Rxd8+ Rxd8 28. Rxd8+ Qxd8 29. Qe3 Kb8 30. Bc2 Qxh4 31. a3 Qg4 32. f3 Qxg2 33.
fxe4 Qxc2 34. Qd4 Qa4 35. Qd8+ Ka7 36. Qd4+ b6 37. Nf4 Qc6 38. Nxg6 fxg6 39.
Qxg7+ Ka6 40. Qxg6 Qxc4 41. Qxh5 Qxe4 42. Qe8 Qh1+ 43. Ka2 Qd5+ 44. Ka1 b5 45.
Qc8+ Kb6 46. Qb8+ Qb7 47. Qd6+ Qc6 48. Qb8+ Ka6 49. Kb1 a4 50. Ka1 Qh1+ 51. Ka2
Qd5+ 52. Kb1 e5 53. Qc8+ Kb6 54. Qb8+ Kc5 55. Qc7+ Kd4 56. Qc3+ Ke4 57. Qe1+
Kf5 58. Qf1+ Ke6 59. Qh3+ Kd6 60. Qh6+ Kc5 61. Qf8+ Qd6 62. Qf2+ Qd4 63. Qf8+
Kd5 64. Qa8+ Ke6 65. Qe8+ Kd6 66. Qxb5 Qd1+ 67. Ka2 Qd5+ 68. Qxd5+ Kxd5 69. b4
axb3+ 70. Kxb3 1/2-1/2

[Event "6.Griesheimer Schachtage 2010"]
[Site "Griesheim"]
[Date "2010.05.09"]
[Round "5.6"]
[White "Tierling, Detlef"]
[Black "Prenzler, Daniel"]
[Result "0-1"]
[WhiteElo "2028"]
[BlackElo "2184"]
[PlyCount "54"]
[EventDate "2010.05.09"]

1. e3 e5 2. d4 e4 3. c4 Nf6 4. Nc3 g6 5. Qc2 Qe7 6. Nge2 Bg7 7. b3 O-O 8. Bb2
c6 9. Ng3 Re8 10. a4 d6 11. a5 Na6 12. Rd1 h5 13. h4 Bg4 14. Be2 Nb4 15. Qb1
Nd3+ 16. Bxd3 Bxd1 17. Ncxe4 Bg4 18. Ba3 Nxe4 19. Nxe4 Rad8 20. Bxd6 Rxd6 21.
Nxd6 Qxd6 22. O-O Qf6 23. f3 Rxe3 24. Bxg6 Qxg6 25. Qxg6 fxg6 26. fxg4 Bxd4 27.
Kh1 hxg4 0-1

[Event "6.Griesheimer Schachtage 2010"]
[Site "Griesheim"]
[Date "2010.05.09"]
[Round "5.7"]
[White "Klundt, Klaus"]
[Black "Lenhardt, Manfred"]
[Result "1-0"]
[WhiteElo "2353"]
[BlackElo "2149"]
[PlyCount "99"]
[EventDate "2010.05.09"]

1. e4 e6 2. d4 d5 3. Nd2 Nf6 4. e5 Nfd7 5. f4 c5 6. c3 Nc6 7. Ndf3 Qb6 8. g3
cxd4 9. cxd4 Be7 10. Bh3 a5 11. Ne2 O-O 12. O-O a4 13. Nc3 Qa7 14. Rf2 Nb6 15.
Bf1 Bd7 16. Nb5 Qb8 17. Bd3 Nb4 18. Bf1 Nc6 19. a3 Na7 20. Nc3 Qe8 21. Qd3 Rc8
22. g4 f6 23. f5 Nc4 24. Bf4 fxe5 25. Nxe5 Bh4 26. Re2 Nxe5 27. Bxe5 Qf7 28.
Bg2 Kh8 29. Rf1 exf5 30. Bxd5 Qg6 31. Bxb7 Rce8 32. Rg2 fxg4 33. Rxf8+ Rxf8 34.
Qxg6 hxg6 35. d5 Nb5 36. Bc6 Bxc6 37. dxc6 Nxc3 38. Bxc3 Rc8 39. Rxg4 Bf6 40.
Rc4 Kg8 41. Kf2 Kf7 42. Ke3 Ke6 43. Ke4 Kd6 44. Kd3 Kc7 45. Rxa4 Rd8+ 46. Kc2
Rh8 47. Rc4 Rxh2+ 48. Kb1 Rh3 49. Ba5+ Kc8 50. Re4 1-0

[Event "6.Griesheimer Schachtage 2010"]
[Site "Griesheim"]
[Date "2010.05.09"]
[Round "5.8"]
[White "Reinert, Stephane"]
[Black "Neitzert, Volker"]
[Result "1/2-1/2"]
[WhiteElo "2099"]
[BlackElo "1789"]
[PlyCount "143"]
[EventDate "2010.05.09"]

1. d4 d5 2. Bg5 h6 3. Bh4 c6 4. a3 Qb6 5. Ra2 Bf5 6. e3 Nd7 7. Nf3 Ngf6 8. c4
dxc4 9. Bxc4 e6 10. Nc3 Bd6 11. O-O O-O 12. Qe2 Ne4 13. Nd2 Nxd2 14. Qxd2 Rfe8
15. b4 Rac8 16. f4 Be7 17. Bxe7 Rxe7 18. Na4 Qc7 19. Be2 Nf6 20. Rc1 Qd8 21.
Nc5 Rec7 22. Bf3 Bg6 23. Qd1 Nd5 24. Qb3 Re7 25. g3 Nf6 26. a4 b6 27. Nd3 Be4
28. Bxe4 Nxe4 29. Rac2 Rec7 30. Ne5 c5 31. Qd3 f5 32. dxc5 bxc5 33. Qxd8+ Rxd8
34. bxc5 Rd5 35. c6 Ra5 36. Rc4 Nf6 37. Rb1 Nd5 38. Rb7 Ra6 39. Rxc7 Nxc7 40.
Rb4 Rb6 41. Rd4 Nd5 42. e4 fxe4 43. Rxe4 Rb2 44. Rc4 Nc7 45. Nd3 Rd2 46. Nb4
Kf7 47. Rc2 Rxc2 48. Nxc2 Ke7 49. Nd4 Kd6 50. Kf2 a6 51. Ke3 Nd5+ 52. Kf3 g6
53. g4 e5 54. fxe5+ Kxe5 55. Nb3 Kd6 56. Nd4 Ke5 57. Nb3 Kd6 58. Na5 Kc7 59.
Ke4 Nc3+ 60. Ke5 Kb6 61. Kd6 Ne4+ 62. Kd7 Nc5+ 63. Kd6 Ne4+ 64. Ke5 Nf2 65. Kf6
Nxg4+ 66. Kxg6 Nxh2 67. Kxh6 Ng4+ 68. Kg5 Ne5 69. Kf5 Nxc6 70. Nxc6 Kxc6 71.
Ke5 Kc5 72. Ke4 1/2-1/2

[Event "6.Griesheimer Schachtage 2010"]
[Site "Griesheim"]
[Date "2010.05.09"]
[Round "5.9"]
[White "Diehm, Alexander"]
[Black "Diehl, Werner"]
[Result "1/2-1/2"]
[WhiteElo "2070"]
[BlackElo "2090"]
[PlyCount "32"]
[EventDate "2010.05.09"]

1. d4 d6 2. e4 e5 3. Bc4 exd4 4. Qxd4 Nc6 5. Qe3 Be7 6. Ne2 Nf6 7. Ng3 O-O 8.
O-O Ne5 9. Be2 c6 10. Nc3 Re8 11. f4 Ng6 12. Bd2 Bf8 13. Qf2 Qb6 14. Qxb6 axb6
15. Be3 b5 16. a3 Nxe4 1/2-1/2

[Event "6.Griesheimer Schachtage 2010"]
[Site "Griesheim"]
[Date "2010.05.09"]
[Round "5.10"]
[White "Nagel, Erwin"]
[Black "Holter, Bernd"]
[Result "0-1"]
[WhiteElo "1749"]
[BlackElo "1949"]
[PlyCount "83"]
[EventDate "2010.05.09"]

1. d4 d6 2. c4 Nf6 3. Nc3 Nbd7 4. e4 e5 5. d5 Be7 6. Nge2 O-O 7. Ng3 Ne8 8. Be2
Bg5 9. O-O a5 10. Bxg5 Qxg5 11. Qc1 Qxc1 12. Rfxc1 g6 13. Bg4 Nef6 14. Bxd7
Bxd7 15. a3 a4 16. f3 Rfc8 17. Na2 b6 18. Rc3 Be8 19. Nc1 Ra7 20. Nd3 Nd7 21.
Ne2 f5 22. exf5 gxf5 23. Ng3 Bg6 24. Nb4 Kf7 25. Nc6 Raa8 26. h4 h6 27. Re1 f4
28. Ne4 Bxe4 29. Rxe4 Rg8 30. Kf2 Rg7 31. Re1 Rag8 32. Rg1 Nc5 33. Rc2 Rg3 34.
Nb4 e4 35. fxe4 Nxe4+ 36. Kf1 f3 37. Na6 f2 38. Rxf2+ Nxf2 39. Kxf2 Rb3 40. Rb1
Rg4 41. Nxc7 Rxc4 42. Nb5 0-1

[Event "6.Griesheimer Schachtage 2010"]
[Site "Griesheim"]
[Date "2010.05.09"]
[Round "5.11"]
[White "Makilla, Tobias"]
[Black "Hoeck, Raimund"]
[Result "1/2-1/2"]
[WhiteElo "1897"]
[BlackElo "2049"]
[PlyCount "36"]
[EventDate "2010.05.09"]

1. e4 c5 2. Nf3 d6 3. Bb5+ Bd7 4. Bxd7+ Qxd7 5. O-O Nf6 6. Re1 Nc6 7. c3 e6 8.
d4 cxd4 9. cxd4 d5 10. e5 Ne4 11. Nbd2 Nxd2 12. Bxd2 Be7 13. Rc1 O-O 14. Qb3
Rfc8 15. Rc2 Nd8 16. Rec1 Rxc2 17. Qxc2 Nc6 18. Bg5 h6 1/2-1/2

[Event "6.Griesheimer Schachtage 2010"]
[Site "Griesheim"]
[Date "2010.05.09"]
[Round "5.12"]
[White "Storkebaum, Ulrike"]
[Black "Tominski, Norbert"]
[Result "0-1"]
[WhiteElo "1867"]
[BlackElo "1921"]
[PlyCount "126"]
[EventDate "2010.05.09"]

1. e4 c6 2. d4 d5 3. Nc3 dxe4 4. Nxe4 Nf6 5. Ng3 h5 6. h4 Qa5+ 7. Bd2 Qb6 8.
Bc3 Nd5 9. Nf3 Nxc3 10. bxc3 Qb2 11. Bd3 Qxc3+ 12. Kf1 Bg4 13. Ne2 Qa5 14. Ne5
Nd7 15. Nxg4 hxg4 16. Kg1 Nf6 17. c4 O-O-O 18. Qb3 e6 19. Rb1 Rd7 20. g3 Qa3
21. Kg2 Qxb3 22. Rxb3 Be7 23. Rhb1 Rhd8 24. Nf4 Bd6 25. Ne2 c5 26. d5 Be5 27.
a4 b6 28. Nf4 Bxf4 29. gxf4 Nh5 30. Be4 exd5 31. Bf5 Nxf4+ 32. Kg3 Ne6 33. cxd5
Rxd5 34. Bxg4 Rd3+ 35. f3 Rxb3 36. Rxb3 Kc7 37. Re3 Rd6 38. f4 g6 39. h5 gxh5
40. Bxh5 Ng7 41. Bg4 f5 42. Be2 Re6 43. Re5 Kd6 44. Rxe6+ Nxe6 45. Bd3 Nd4 46.
Bc4 Ke7 47. Kh4 Ne6 48. Kg3 Nc7 49. Kh4 Kf6 50. Kg3 a6 51. Kf3 b5 52. axb5 axb5
53. Bb3 c4 54. Bc2 Nd5 55. Bd1 c3 56. Bb3 Ke6 57. Ke2 Kd6 58. Kd3 Kc5 59. Bc2
b4 60. Ke2 Kd4 61. Bxf5 Nxf4+ 62. Kd1 Nd5 63. Bb1 63... b3 {[...]} 0-1